The Adventures of Tintin - Tintin in the Land of the Soviets - Statistics

General Stats
  • This quiz has been taken 23 times
    22 since last reset
  • The average score is 15 of 18
Answer Stats
Question Answer % Correct
With what humorous object does an agent try to assassinate Tintin with next? A banana peel
100%
Which animal attacks Tintin (and is defeated with his bare hands)? a bear
100%
Which animal does Snowy disguise himself as to save Tintin from his captors? A tiger
100%
Which political ideology is vividly caricatured throughout the album? Communism
100%
Upon his return, Tintin lands in Berlin. What happens when he lands? He is mistaken as the winner of an air race and given a standing ovation
100%
What newspaper does he work for? Le Petit Vingtième
100%
What does Tintin sculpt in a tree trunk with his penknife? Propellers
100%
Which of these historical figures is NOT mentioned in this adventure? Rasputin
100%
What is the name of the state police who track Tintin throughout his trip? The GPU
100%
What are the Soviet leaders stealing from the peasants? their wheat
100%
What country does Tintin investigate? The Soviet Union
100%
Where is the hiding place of the treasures stolen from the people by the Soviet leaders? Under a haunted cabin
100%
In which year was this adventure published in the form of an album? 1930
50%
Find the correct statement: the factories that the Soviets show to the English Communists... ...are stage sets with fake noises
50%
At the start of his journey, Tintin... has brushed hair
50%
From the first page, a Soviet tries to assassinate Tintin. How does he do it? He blows up his train
50%
What famous building appears on the original album cover? St. Basil's Cathedral
50%
With this adventure, Hergé introduces a new graphic element into his work. Which one? Speech Bubbles
0%
No matching quizzes found
Score Distribution
Percent of People with Each Score
Percentile by Number Answered
Your Score History
You have not taken this quiz since the last reset